Normas contables para entes cooperativos (Registro nro. 1166)
[ vista simple ]
| 000 -LEADER | |
|---|---|
| fixed length control field | 01230 a2200241 4500 |
| 001 - CONTROL NUMBER | |
| control field | 24235 |
| 005 - DATE AND TIME OF LATEST TRANSACTION | |
| control field | 20260407155527.0 |
| 008 - FIXED-LENGTH DATA ELEMENTS--GENERAL INFORMATION | |
| fixed length control field | 260407a2013 arg spa d |
| 003 - CONTROL NUMBER IDENTIFIER | |
| control field | AR-UNSa-BCEJYS |
| 040 ## - CATALOGING SOURCE | |
| Original cataloging agency | AR-UNSa-BCEJYS |
| Language of cataloging | spa |
| Transcribing agency | AR-UNSa-BCEJYS |
| 080 ## - UNIVERSAL DECIMAL CLASSIFICATION NUMBER | |
| Universal Decimal Classification number | 657 |
| Common auxiliary subdivision | Contabilidad |
| 020 ## - INTERNATIONAL STANDARD BOOK NUMBER | |
| International Standard Book Number | 978-987-157-7 |
| 100 1# - MAIN ENTRY--PERSONAL NAME | |
| Personal name | Torres, Carlos Federico |
| 245 10 - TITLE STATEMENT | |
| Title | Normas contables para entes cooperativos |
| Name of part/section of a work | Análisis y aplicación de la RT Nº 24 de la FACPACE y sus normas complementarias. |
| 264 #1 - PRODUCTION, PUBLICATION, DISTRIBUTION, MANUFACTURE, AND COPYRIGHT NOTICE | |
| Place of production, publication, distribution, manufacture | Buenos Aires : |
| Name of producer, publisher, distributor, manufacturer | Osmar D. Buyatti |
| Date of production, publication, distribution, manufacture, or copyright notice | 2013 |
| 300 ## - PHYSICAL DESCRIPTION | |
| Extent | 314 p. |
| Dimensions | 22 cm. |
| 505 ## - FORMATTED CONTENTS NOTE | |
| Formatted contents note | 1º Parte: Cuestiones previas al estudio de las normas: 1. El contexto normativo vigente para las cooperativas - 2. Conceptos previos e introductorios a la emisión de las normas de la RT24 - 2º Parte: Normas referidas a los estados contables básicos, a la información complementaria y aplicación práctica de las mismas |
| 590 ## - LOCAL NOTE (RLIN) | |
| Local note | niveau_biblio:m niveau_hierar:0 |
| 650 ## - SUBJECT ADDED ENTRY--TOPICAL TERM | |
| Topical term or geographic name entry element | RESOLUCION TECNICA Nº 24<br/>RESOLUCION TECNICA Nº 36 |
| 650 ## - SUBJECT ADDED ENTRY--TOPICAL TERM | |
| Topical term or geographic name entry element | resolucion tecnica nº 24 resolucion tecnica nº 36 |
| 856 41 - ELECTRONIC LOCATION AND ACCESS | |
| Uniform Resource Identifier | <a href="https://biblioeco.unsa.edu.ar/pmb/images/libros/Entes Cooperativos.jpg">https://biblioeco.unsa.edu.ar/pmb/images/libros/Entes Cooperativos.jpg</a> |
| Link text | Imagen de portada |
| Electronic format type | image/jpeg |
| 942 ## - ADDED ENTRY ELEMENTS (KOHA) | |
| Koha item type | |
| Withdrawn status | Lost status | Damaged status | Not for loan | Home library | Current library | Shelving location | Date acquired | Total checkouts | Full call number | Barcode | Date last seen | Price effective from | Koha item type |
|---|---|---|---|---|---|---|---|---|---|---|---|---|---|
| Biblioteca Prof. Eusebio Cleto del Rey | Biblioteca Prof. Eusebio Cleto del Rey | 07/04/2026 | 657 T689e | L119631 | 07/04/2026 | 07/04/2026 | Libro |